000 01438nam a2200361 i 4500
001 000028648
003 DO-SdBNP
005 20240628115240.0
007 ta
008 110411s2010 dr 000 0 spa d
020 _a9789945003765
040 _aDO-SdBNP
_bspa
_cBNPHU
_erda
082 4 _a617.645
_bG216m
_222
100 1 _aGarcía-Godoy Mosher, Federico M. ,
_d1949-
_937042
_eautor
245 1 0 _aManual de odontología pediátrica clínica /
_cFederico M. García-Godoy M. ; Federico García-Godoy, Cristina García-Godoy Mieses ; colaboradores, Pedro A. Ricart Reyes, Rocio Matos
250 _aPrimera edición
264 _aSanto Domingo :
_bEscuela Iberoamericana de Graduados de Odontología :
_b Asociación Dominicana de Odontología Familiar,
_c2010.
300 _a372 páginas :
_bilustraciones ,
_c21 cm.
336 _2rdacontent
_atexto
_btxt
337 _2rdamedia
_asin mediación
_bn
338 _2rdacarrier
_avolumen
_bnc
490 _aAIBOFA
490 _aDiplomados
_v2
500 _aIncluye referencias bibliográficas y notas al pie de las paginas
590 _aInventariado, 2022/MFF
650 4 _aOdontología infantil
_921583
700 1 _aGarcía-Godoy, Federico
_978352
700 1 _aGarcía-Godoy Mieses, Cristina
_955618
700 1 _aRicart Reyes, Pedro A.,
_ecolaborador
_955614
700 1 _aMatos, Rocio,
_ecolaboradora
_955611
910 _aBtavárez. Validado, 2024/MFF
942 _2ddc
_cLBS1
999 _c28140
_d28140